00334nam a2200133 a 4500008004100000020001500041050001600056100002200072245003800094250001200132260002600144300002100170350000900191120416s1984 ||||||||||||||||| || u a0304303852 aHF 5635 Rob aRobson, Alan Peel10aEssential accounting for managers a4th ed. aLondonbCassellc1984 aix, 130p. : ill. a0.00